000 01223cam a22003015a 4500
003 EG-ScBUE
005 20211125150133.0
008 090803s2004 ua f | 000 p ara d
017 _a2004 / 17967
040 _aEG-ScBUE
_bara
_erda
_cEG-ScBUE
_dEG-ScBUE
082 0 4 _a‪831.0308
_bح ك ا
_222
245 0 0 _a‪حكايات شاعرية :
_bقصائد قصصية (بالادات) من الأدب الألماني الحديث /
_cترجمة عبد الغفار مكاوي.
250 _aالطبعة الأولى.
264 1 _aالقاهرة :
_bالهيئة العامة لقصور الثقافة،
_c2004.
300 2 _a223 صفحة ؛
_c18 سم.
336 _2rdacontent
_aنص
_btxt
337 _2rdamedia
_aبدون وسيط
_bn
338 _2rdacarrier
_aمجلد
_bnc
490 0 _aآفاق عالمية ؛
_v39
546 _aالنص باللغة العربية وتم ترجمته من اللغة الألمانية.
590 _adoaa mohamed
650 7 _aالشعر القصصي
_zألمانيا
_v‪مجموعات.
_2BUEsh
_934630
651 _2BUEsh
653 _bARALIT
_cAugust2015
655 _vReading book
_934232
700 1 _aمكاوي، عبد الغفار،
_eمترجم.
942 _2ddc
_cBB
999 _c12509
_d12509